[Event "Richmond Hill op"]
[Site "Richmond Hill CAN"]
[Date "2019.11.09"]
[Round "1.3"]
[White "Chen, Max"]
[Black "Feng, Richard"]
[Result "1-0"]
[WhiteElo "2253"]
[BlackElo "2120"]
[PlyCount "41"]
[EventDate "2019.11.09"]
[EventType "swiss"]
[EventRounds "5"]
[EventCountry "CAN"]

1. e4 c5 2. c3 d5 3. exd5 Qxd5 4. d4 e5 5. dxe5 Qxe5+ 6. Be3 Nf6 7. Nf3 Qc7 8.
Na3 a6 9. Qd2 b5 10. Bf4 Qe7+ 11. Be2 Ne4 12. Qe3 Bb7 13. Rd1 Nd7 14. O-O c4
15. Rfe1 Qc5 16. Rd4 Ndf6 17. Nd2 Be7 18. Bf3 Nxd2 19. Bxb7 Rd8 20. Bc6+ Kf8
21. Rxd8+ 1-0

[Event "Richmond Hill op"]
[Site "Richmond Hill CAN"]
[Date "2019.11.09"]
[Round "1.4"]
[White "Berengolts, Isai"]
[Black "Barron, Michael"]
[Result "1-0"]
[WhiteElo "2127"]
[BlackElo "2252"]
[PlyCount "133"]
[EventDate "2019.11.09"]
[EventType "swiss"]
[EventRounds "5"]
[EventCountry "CAN"]

1. e4 e5 2. Nf3 Nc6 3. Bb5 a6 4. Bxc6 dxc6 5. Nc3 Qd6 6. d4 exd4 7. Qxd4 Qxd4
8. Nxd4 Bd7 9. Be3 O-O-O 10. O-O-O Bd6 11. f4 f6 12. h3 Ne7 13. Rhe1 Ng6 14. g3
Bxh3 15. Bf2 h5 16. Nf5 Bxf5 17. exf5 Nxf4 18. gxf4 Bxf4+ 19. Be3 Bxe3+ 20.
Rxe3 Rxd1+ 21. Nxd1 h4 22. Rh3 Rh5 23. Ne3 Kd7 24. Kd2 Kd6 25. Ke2 Ke5 26. Kf3
c5 27. Kg4 Rg5+ 28. Kf3 Rh5 29. Rh1 h3 30. Re1 h2 31. Nf1+ Kd5 32. Ng3 Rh6 33.
Rh1 Ke5 34. Kg2 g6 35. fxg6 Rxg6 36. Kf3 Rh6 37. Nf1 Rh3+ 38. Ke2 Rh7 39. Rxh2
Rf7 40. Kf3 c4 41. Rh5+ Ke6 42. Ne3 b5 43. Rh8 a5 44. a4 c3 45. bxc3 bxa4 46.
Ra8 Rh7 47. Ra6+ Kd7 48. Rxa5 Rh3+ 49. Ke2 Rh4 50. c4 Rh2+ 51. Kd3 Rh3 52. Ke2
a3 53. Rxa3 f5 54. Rd3+ Ke6 55. Ng2 Rh1 56. Rh3 Rxh3 57. Nf4+ Ke5 58. Nxh3 Kd4
59. c5 Kxc5 60. Kd3 Kd5 61. Nf4+ Ke5 62. Ke3 c5 63. c4 Kd6 64. Nd3 Kc6 65. Kf4
Kb6 66. Kxf5 Ka5 67. Ke5 1-0

[Event "Richmond Hill op"]
[Site "Richmond Hill CAN"]
[Date "2019.11.09"]
[Round "2.1"]
[White "Noritsyn, Nikolay"]
[Black "Jiang, Brian"]
[Result "1-0"]
[WhiteElo "2622"]
[BlackElo "2203"]
[PlyCount "87"]
[EventDate "2019.11.09"]
[EventType "swiss"]
[EventRounds "5"]
[EventCountry "CAN"]

1. e4 c5 2. Nf3 Nc6 3. d4 cxd4 4. Nxd4 Nf6 5. Nc3 e5 6. Ndb5 d6 7. Bg5 a6 8.
Na3 b5 9. Nd5 Be7 10. Bxf6 Bxf6 11. c4 b4 12. Nc2 a5 13. g3 O-O 14. Bg2 Be6 15.
O-O Rc8 16. Qd3 Bxd5 17. cxd5 Nb8 18. Bh3 Nd7 19. Bxd7 Qxd7 20. Ne3 Bg5 21. Nc4
Rc5 22. b3 g6 23. f4 exf4 24. gxf4 Bf6 25. Rad1 Re8 26. Kh1 Bg7 27. Rfe1 Qc7
28. Qf3 Bf8 29. e5 Qd7 30. Re3 Qb7 31. Kg2 a4 32. Rd4 axb3 33. axb3 Ra8 34. Re2
Rd8 35. Rd3 Qa8 36. e6 Qb7 37. f5 fxe6 38. fxe6 Rc7 39. Na5 Qb5 40. Nc6 Re8 41.
Rd4 Bg7 42. Rxb4 Qa6 43. Rf2 Qa8 44. Qf7+ 1-0

[Event "Richmond Hill op"]
[Site "Richmond Hill CAN"]
[Date "2019.11.09"]
[Round "2.2"]
[White "Noritsyn, Sergey"]
[Black "Berengolts, Isai"]
[Result "1-0"]
[WhiteElo "2309"]
[BlackElo "2127"]
[PlyCount "49"]
[EventDate "2019.11.09"]
[EventType "swiss"]
[EventRounds "5"]
[EventCountry "CAN"]

1. e4 c5 2. Nf3 d6 3. Bb5+ Bd7 4. Bxd7+ Qxd7 5. O-O Nf6 6. e5 Ng4 7. exd6 exd6
8. Re1+ Be7 9. d4 Nc6 10. h3 Nf6 11. d5 Nb4 12. c4 O-O 13. Nc3 Rfe8 14. a3 Na6
15. Qd3 Nc7 16. b4 b6 17. Bd2 Bf8 18. Bg5 Rxe1+ 19. Rxe1 Be7 20. bxc5 bxc5 21.
Qb1 Qd8 22. Qb7 Kf8 23. Nb5 Rc8 24. Rxe7 Kxe7 25. Nxa7 1-0

[Event "Richmond Hill op"]
[Site "Richmond Hill CAN"]
[Date "2019.11.09"]
[Round "2.3"]
[White "Birarov, Vladimir"]
[Black "Chen, Max"]
[Result "1/2-1/2"]
[WhiteElo "2150"]
[BlackElo "2253"]
[PlyCount "81"]
[EventDate "2019.11.09"]
[EventType "swiss"]
[EventRounds "5"]
[EventCountry "CAN"]

1. Nf3 Nf6 2. g3 e6 3. Bg2 Be7 4. d4 d5 5. c4 O-O 6. O-O c5 7. cxd5 Nxd5 8. Nc3
Nxc3 9. bxc3 Nc6 10. Rb1 Rb8 11. Bf4 Bd6 12. dxc5 Bxf4 13. Qxd8 Rxd8 14. gxf4
Bd7 15. Rfd1 f6 16. Rd6 Kf7 17. Nd4 Na5 18. Nb3 Nc6 19. e3 Ke7 20. Be4 g6 21.
Nd4 Na5 22. Nb3 Nc6 23. Rdd1 Rdc8 24. Kg2 Rc7 25. Kg3 Nd8 26. h4 Ba4 27. h5 f5
28. Bf3 Bxb3 29. Rxb3 Rxc5 30. hxg6 hxg6 31. Ra3 a6 32. Rb1 Nc6 33. Rab3 b5 34.
Ra3 Rb6 35. Rh1 e5 36. Rh7+ Kf6 37. Rc7 exf4+ 38. exf4 g5 39. fxg5+ Kxg5 40.
Rb3 Rc4 41. a4 1/2-1/2

[Event "Richmond Hill op"]
[Site "Richmond Hill CAN"]
[Date "2019.11.09"]
[Round "2.4"]
[White "Noor Ali, Aahil"]
[Black "Nameer, Issani"]
[Result "0-1"]
[WhiteElo "2054"]
[BlackElo "2249"]
[PlyCount "58"]
[EventDate "2019.11.09"]
[EventType "swiss"]
[EventRounds "5"]
[EventCountry "CAN"]

1. d4 Nf6 2. c4 e6 3. Nc3 Bb4 4. e3 O-O 5. Nge2 d5 6. a3 Be7 7. cxd5 exd5 8. g3
c6 9. Bg2 Nbd7 10. O-O Nb6 11. Qc2 g6 12. b4 a5 13. b5 Bf5 14. Qd1 cxb5 15.
Nxb5 Rc8 16. f3 Nc4 17. Nbc3 Nd6 18. h3 b5 19. g4 Be6 20. Rb1 Rb8 21. g5 Nfe8
22. f4 Nc7 23. Ng3 Nf5 24. Nxf5 Bxf5 25. e4 dxe4 26. Nxe4 Qd7 27. Rb3 b4 28.
axb4 Rb6 29. b5 Rxb5 0-1

[Event "Richmond Hill op"]
[Site "Richmond Hill CAN"]
[Date "2019.11.09"]
[Round "2.5"]
[White "Michelashvili, Alexandre"]
[Black "Rusonik, Max"]
[Result "1/2-1/2"]
[WhiteElo "2190"]
[BlackElo "2113"]
[PlyCount "71"]
[EventDate "2019.11.09"]
[EventType "swiss"]
[EventRounds "5"]
[EventCountry "CAN"]

1. d4 d5 2. Nc3 f5 3. Bf4 e6 4. g4 Nf6 5. gxf5 exf5 6. e3 Be6 7. Qf3 c6 8. Qg2
Nbd7 9. O-O-O Qa5 10. f3 O-O-O 11. Kb1 Nb6 12. Nge2 Rg8 13. h4 Nc4 14. Rd3 Bd6
15. Bxd6 Nxd6 16. Nf4 Bf7 17. Rd1 Rde8 18. Re1 Nd7 19. Bd3 Nb6 20. h5 Nbc4 21.
Bxc4 Nxc4 22. Nd3 g6 23. Qg5 Nd2+ 24. Kc1 Nxf3 25. Qh6 Nxe1 26. Rxe1 gxh5 27.
Qxh7 Bg6 28. Qh6 Qc7 29. Nf4 Bf7 30. Qf6 Qd7 31. Nd1 Rh8 32. Nf2 Rhg8 33. N2d3
Qe7 34. Qxf5+ Be6 35. Qxh5 Rg5 36. Qh6 1/2-1/2

[Event "Richmond Hill op"]
[Site "Richmond Hill CAN"]
[Date "2019.11.09"]
[Round "3.1"]
[White "Issani, Nameer"]
[Black "Noritsyn, Nikolay"]
[Result "0-1"]
[WhiteElo "2249"]
[BlackElo "2622"]
[PlyCount "90"]
[EventDate "2019.11.09"]
[EventType "swiss"]
[EventRounds "5"]
[EventCountry "CAN"]

1. d4 d5 2. c4 e6 3. Nc3 c6 4. e3 Nf6 5. Nf3 Nbd7 6. cxd5 exd5 7. Bd3 Bd6 8.
O-O O-O 9. Qc2 Re8 10. Re1 Nf8 11. e4 dxe4 12. Nxe4 Nxe4 13. Bxe4 Bg4 14. Ne5
Bb4 15. Re3 Be6 16. a3 Ba5 17. b4 Bb6 18. Bb2 f6 19. Nf3 Bd5 20. Rae1 Bxe4 21.
Rxe4 Rxe4 22. Qxe4 Qd7 23. Qe7 Rd8 24. Qxd7 Rxd7 25. Kf1 Kf7 26. Ke2 Ne6 27. g3
Nxd4+ 28. Bxd4 Bxd4 29. Nxd4 Rxd4 30. Ke3 Rd5 31. Rc1 Ke7 32. Rc4 Kd7 33. h3 a5
34. bxa5 Rxa5 35. a4 Rd5 36. Ke4 Kc7 37. g4 Kb6 38. Rb4+ Ka6 39. f4 g6 40. f5
gxf5+ 41. gxf5 b6 42. Rc4 Re5+ 43. Kf4 c5 44. Rc2 Ka5 45. Rd2 c4 0-1

[Event "Richmond Hill op"]
[Site "Richmond Hill CAN"]
[Date "2019.11.09"]
[Round "3.2"]
[White "Noritsyn, Sergey"]
[Black "Birarov, Vladimir"]
[Result "0-1"]
[WhiteElo "2309"]
[BlackElo "2150"]
[PlyCount "82"]
[EventDate "2019.11.09"]
[EventType "swiss"]
[EventRounds "5"]
[EventCountry "CAN"]

1. e4 e6 2. Nf3 d5 3. e5 c5 4. c3 Nc6 5. d4 Bd7 6. Be2 Nge7 7. Na3 cxd4 8. cxd4
Nf5 9. Nc2 Qb6 10. O-O Rc8 11. g4 Nfe7 12. Nh4 Ng6 13. Ng2 Be7 14. f4 O-O 15.
Nge3 f6 16. f5 Nh4 17. Ng2 Nxg2 18. Kxg2 fxe5 19. dxe5 Nxe5 20. Nd4 exf5 21.
Nxf5 Bxf5 22. Rxf5 Rxf5 23. gxf5 Rd8 24. Bf4 Qf6 25. Qd4 Nc4 26. Qxf6 Bxf6 27.
Rb1 Nxb2 28. Bc1 Na4 29. Rxb7 Nc3 30. Bf3 a5 31. Bd2 d4 32. a4 Rc8 33. Ra7 Rc5
34. Bh5 g6 35. Ra8+ Kg7 36. Ra7+ Kf8 37. fxg6 Rxh5 38. Rf7+ Kg8 39. Bxc3 Rg5+
40. Kh3 Rxg6 41. Rc7 dxc3 0-1

[Event "Richmond Hill op"]
[Site "Richmond Hill CAN"]
[Date "2019.11.09"]
[Round "3.4"]
[White "Michelashvili, Alexandre"]
[Black "Barron, Michael"]
[Result "1/2-1/2"]
[WhiteElo "2190"]
[BlackElo "2252"]
[PlyCount "75"]
[EventDate "2019.11.09"]
[EventType "swiss"]
[EventRounds "5"]
[EventCountry "CAN"]

1. d4 f5 2. Nc3 Nf6 3. Bg5 d5 4. e3 e6 5. g4 Be7 6. gxf5 exf5 7. Nf3 Be6 8. Ne5
Nbd7 9. f4 Nxe5 10. dxe5 Ng4 11. Bxe7 Qxe7 12. Qf3 Qh4+ 13. Kd2 O-O-O 14. Bg2
Nxe3 15. Qxe3 d4 16. Qg3 dxc3+ 17. Kxc3 Qe7 18. Qf2 a5 19. a3 Bd5 20. b4 Qe6
21. Bxd5 Rxd5 22. Qa7 Qc6+ 23. Kb2 Rhd8 24. Rhd1 b6 25. Qa6+ Kb8 26. Qe2 Kb7
27. Rxd5 Qxd5 28. bxa5 Qd4+ 29. Ka2 Qxf4 30. a6+ Ka7 31. Rf1 Rd2 32. Rxf4 Rxe2
33. Rxf5 Rxc2+ 34. Kb3 Rxh2 35. Rf7 g5 36. Rxc7+ Kxa6 37. Rg7 h6 38. Kc4
1/2-1/2

[Event "Richmond Hill op"]
[Site "Richmond Hill CAN"]
[Date "2019.11.10"]
[Round "4.1"]
[White "Noritsyn, Nikolay"]
[Black "Birarov, Vladimir"]
[Result "1-0"]
[WhiteElo "2622"]
[BlackElo "2150"]
[PlyCount "159"]
[EventDate "2019.11.09"]
[EventType "swiss"]
[EventRounds "5"]
[EventCountry "CAN"]

1. e4 e6 2. d4 d5 3. Nc3 Nf6 4. Bg5 dxe4 5. Nxe4 Be7 6. Bxf6 Bxf6 7. Nf3 Nd7 8.
Qd3 Be7 9. O-O-O O-O 10. h4 b6 11. Nfg5 h6 12. Kb1 Bb7 13. Nc5 Nf6 14. Nxb7 Qd5
15. Qh3 Qxb7 16. Nxe6 fxe6 17. Qxe6+ Kh8 18. Qxe7 Rae8 19. Qa3 Ng4 20. Rc1 Nxf2
21. Rg1 Qe4 22. g4 Qxd4 23. Bb5 Rd8 24. g5 h5 25. g6 Rf4 26. Qe7 Rf5 27. Rge1
Qf6 28. a4 c6 29. Bxc6 Rf8 30. Be8 Ng4 31. Rcd1 Re5 32. Qxf6 gxf6 33. Bb5 Rxe1
34. Rxe1 Ne5 35. Be2 Kg7 36. Rg1 Rd8 37. c3 Rd2 38. Bxh5 Rh2 39. Bd1 Rxh4 40.
Bc2 Rf4 41. b4 a5 42. bxa5 bxa5 43. Ka2 Ng4 44. Kb3 Ne3 45. Bd3 f5 46. c4 Rf3
47. Kc3 Ng4 48. Kd4 Rf4+ 49. Kd5 Kxg6 50. c5 Kf6 51. Bb5 Ne3+ 52. Kc6 Re4 53.
Kb6 f4 54. c6 f3 55. Rg3 Rf4 56. c7 Nd5+ 57. Kb7 Ne7 58. Rg1 f2 59. Rf1 Ke5 60.
c8=Q Nxc8 61. Kxc8 Kd4 62. Kb7 Rf6 63. Kc7 Kc5 64. Kd7 Kb4 65. Ke7 Rf3 66. Ke6
Kc3 67. Ke5 Kd2 68. Ke4 Rf8 69. Kd4 Rf4+ 70. Kc5 Rf6 71. Ra1 Rh6 72. Ra2+ Ke3
73. Re2+ Kf3 74. Re5 Kf4 75. Rd5 Rh1 76. Rd8 Ke3 77. Re8+ Kf3 78. Rf8+ Kg3 79.
Kb6 Rh5 80. Kxa5 1-0

[Event "Richmond Hill op"]
[Site "Richmond Hill CAN"]
[Date "2019.11.10"]
[Round "4.2"]
[White "Zomorrodian, Eilia"]
[Black "Noritsyn, Sergey"]
[Result "1-0"]
[WhiteElo "2219"]
[BlackElo "2309"]
[PlyCount "85"]
[EventDate "2019.11.09"]
[EventType "swiss"]
[EventRounds "5"]
[EventCountry "CAN"]

1. e4 c5 2. Nf3 d6 3. Bb5+ Nd7 4. O-O a6 5. Bd3 Ngf6 6. Re1 b5 7. c3 e6 8. Bc2
Bb7 9. d4 cxd4 10. cxd4 Be7 11. Bg5 O-O 12. Qe2 Rc8 13. a3 Qb6 14. Nc3 e5 15.
Rad1 exd4 16. Nxd4 Rfe8 17. Nf5 Bf8 18. Qf3 g6 19. Nh6+ Bxh6 20. Bxh6 b4 21.
Be3 Qa5 22. axb4 Qxb4 23. Bd4 Re6 24. Bb1 Rce8 25. h3 Ne5 26. Bxe5 dxe5 27. Ba2
Rb6 28. Rd7 Re7 29. Rd8+ Kg7 30. Qe3 Qa5 31. Qd2 Rxb2 32. Qxb2 Qxd8 33. Rd1 Rd7
34. Rc1 Qa5 35. Nd5 Nxd5 36. exd5 f6 37. d6 Qb5 38. Qa3 Bd5 39. Rc5 Qxc5 40.
Qxc5 Bxa2 41. Qc8 Be6 42. Qe8 Bf5 43. g4 1-0

[Event "Richmond Hill op"]
[Site "Richmond Hill CAN"]
[Date "2019.11.10"]
[Round "4.4"]
[White "Barron, Michael"]
[Black "Jiang, Brian"]
[Result "1/2-1/2"]
[WhiteElo "2252"]
[BlackElo "2203"]
[PlyCount "144"]
[EventDate "2019.11.09"]
[EventType "swiss"]
[EventRounds "5"]
[EventCountry "CAN"]

1. e4 c5 2. Nf3 Nc6 3. d4 cxd4 4. Nxd4 Nf6 5. Nc3 e5 6. Ndb5 d6 7. Nd5 Nxd5 8.
exd5 Nb8 9. c4 Be7 10. Bd3 a6 11. Nc3 O-O 12. O-O f5 13. f4 Nd7 14. Kh1 g6 15.
Be3 Bf6 16. Rc1 exf4 17. Bxf4 Ne5 18. Be2 Bd7 19. b4 a5 20. a3 axb4 21. axb4
Qb6 22. Nb5 Nxc4 23. Bxc4 Bxb5 24. Bxb5 Qxb5 25. Bxd6 Rfd8 26. Bc5 b6 27. d6
bxc5 28. Qd5+ Kg7 29. bxc5 Rab8 30. Rfd1 Rbc8 31. c6 Qxd5 32. Rxd5 Kf7 33. d7
Rc7 34. g3 Ke6 35. Rd3 Rb8 36. Re1+ Kf7 37. Rd6 Be7 38. Rde6 Bd8 39. R1e2 Rb1+
40. Kg2 Rb2 41. Rxb2 Kxe6 42. Rb8 Ke7 43. Rc8 Ra7 44. Kf3 g5 45. Ke3 h5 46. Kd4
Ra2 47. Ke5 Ra5+ 48. Kd4 Bb6+ 49. Kc4 f4 50. gxf4 gxf4 51. Re8+ Kd6 52. d8=Q+
Bxd8 53. Rxd8+ Kxc6 54. Rf8 Kd6 55. Kd3 Ke5 56. Ke2 Ke4 57. Re8+ Re5 58. Rf8
Ra5 59. Re8+ Kf5 60. Kf3 Ra3+ 61. Kg2 h4 62. Rf8+ Ke4 63. Re8+ Kd4 64. Rd8+ Ke3
65. Re8+ Kd2 66. Kf2 Kd3 67. Kf3 Kd2+ 68. Kxf4 Rh3 69. Ra8 Rc3 70. Kg4 Rc4+ 71.
Kh3 Ke3 72. Rh8 Kf3 1/2-1/2

[Event "Richmond Hill op"]
[Site "Richmond Hill CAN"]
[Date "2019.11.10"]
[Round "4.5"]
[White "Loadman, Ian"]
[Black "Michelashvili, Alexandre"]
[Result "0-1"]
[WhiteElo "2075"]
[BlackElo "2190"]
[PlyCount "96"]
[EventDate "2019.11.09"]
[EventType "swiss"]
[EventRounds "5"]
[EventCountry "CAN"]

1. e4 e5 2. Nf3 Nc6 3. Nc3 Nf6 4. Bb5 Bc5 5. O-O O-O 6. Nxe5 Nxe5 7. d4 Bd6 8.
f4 Nc6 9. e5 Bb4 10. exf6 Qxf6 11. Ne2 d5 12. c3 Bd6 13. Ng3 Qh4 14. f5 f6 15.
Qf3 Ne7 16. Bd3 Bd7 17. Bf4 Bxf4 18. Qxf4 Qxf4 19. Rxf4 Rae8 20. Re1 Nc8 21.
Rff1 Nd6 22. Kf2 Kf7 23. Rxe8 Rxe8 24. Re1 Rg8 25. Re2 a6 26. Ke1 Bb5 27. Kd2
g6 28. fxg6+ hxg6 29. Nf1 Rh8 30. g3 c6 31. Kc2 Ba4+ 32. Kd2 Bb5 33. Kc2 f5 34.
Nd2 Kf6 35. Nf3 Ne4 36. Ne5 Bxd3+ 37. Kxd3 Rh7 38. Nf3 g5 39. Nd2 Rh3 40. Rg2
Nxd2 41. Kxd2 f4 42. Rf2 Kf5 43. Ke2 Ke4 44. gxf4 gxf4 45. Kf1 f3 46. Kg1 Ke3
47. Rc2 b6 48. b4 Kd3 0-1

[Event "Richmond Hill op"]
[Site "Richmond Hill CAN"]
[Date "2019.11.10"]
[Round "5.1"]
[White "Noritsyn, Nikolay"]
[Black "Rusonik, Max"]
[Result "1-0"]
[WhiteElo "2622"]
[BlackElo "2113"]
[PlyCount "159"]
[EventDate "2019.11.09"]
[EventType "swiss"]
[EventRounds "5"]
[EventCountry "CAN"]

1. e4 e5 2. Nf3 Nc6 3. d4 exd4 4. Nxd4 Nf6 5. Nxc6 bxc6 6. Qe2 Qe7 7. Nc3 Rb8
8. Qe3 c5 9. Bd3 g6 10. O-O Bg7 11. Re1 Bb7 12. Qg3 d6 13. Bg5 O-O 14. Rad1 h6
15. Bc1 Nd7 16. Qh3 Qe6 17. Qh4 Qf6 18. Qxf6 Nxf6 19. e5 dxe5 20. Rxe5 Ng4 21.
Rxc5 Bd4 22. Rc4 c5 23. Rf1 Ba6 24. Ra4 Bxd3 25. cxd3 Rfe8 26. Nd1 Re7 27. h3
Ne5 28. Ra3 Kg7 29. g3 Nf3+ 30. Kh1 Rbb7 31. Be3 Red7 32. Kg2 Ne5 33. Bf4 g5
34. Bc1 Nc6 35. Ne3 Bxb2 36. Ra6 Bxc1 37. Nf5+ Kg6 38. Rxc6+ Kxf5 39. Rxc1 f6
40. R1xc5+ Kg6 41. Rc3 Rb2 42. Ra6 Rb6 43. Rxb6 axb6 44. Kf3 Ra7 45. a3 Ra4 46.
Ke3 h5 47. Rb3 Kf5 48. d4 Ra6 49. Kd3 Ke6 50. Kc4 Ra4+ 51. Kb5 Rxd4 52. Kxb6
Kd6 53. Rf3 Ke5 54. Kb5 Rd2 55. a4 f5 56. a5 Rb2+ 57. Ka4 Ra2+ 58. Ra3 Rxf2 59.
a6 Rd2 60. a7 Rd8 61. Kb5 Ra8 62. Kb6 f4 63. Ra5+ Ke4 64. Rxg5 f3 65. Rxh5 Rf8
66. Rh4+ Ke3 67. Rf4 Rxf4 68. gxf4 f2 69. a8=Q f1=Q 70. Qa3+ Ke4 71. Qb4+ Ke3
72. Qc3+ Ke4 73. Qe5+ Kf3 74. f5 Qg1+ 75. Kc6 Qg5 76. Kd7 Kg2 77. Qd5+ Kxh3 78.
Qf3+ Kh4 79. f6 Qg8 80. Qh1+ 1-0

[Event "Richmond Hill op"]
[Site "Richmond Hill CAN"]
[Date "2019.11.10"]
[Round "5.2"]
[White "Zomorrodian, Eilia"]
[Black "Chen, Max"]
[Result "1/2-1/2"]
[WhiteElo "2219"]
[BlackElo "2253"]
[PlyCount "50"]
[EventDate "2019.11.09"]
[EventType "swiss"]
[EventRounds "5"]
[EventCountry "CAN"]

1. e4 c6 2. d4 d5 3. exd5 cxd5 4. c4 Nf6 5. Nc3 Nc6 6. Bg5 Ne4 7. Nxe4 dxe4 8.
d5 Ne5 9. Qd4 Qc7 10. Bf4 Nf3+ 11. Nxf3 Qxf4 12. Ne5 f6 13. Nd3 e5 14. Nxf4
exd4 15. O-O-O d3 16. f3 f5 17. g3 Bd7 18. Bg2 Rc8 19. fxe4 Rxc4+ 20. Kb1 fxe4
21. Rhe1 Bf5 22. Nxd3 Bd6 23. Rc1 Rd4 24. Nf2 Kd7 25. Bxe4 Rxd5 1/2-1/2

[Event "Richmond Hill op"]
[Site "Richmond Hill CAN"]
[Date "2019.11.10"]
[Round "5.4"]
[White "Birarov, Vladimir"]
[Black "Issani, Nameer"]
[Result "0-1"]
[WhiteElo "2150"]
[BlackElo "2249"]
[PlyCount "46"]
[EventDate "2019.11.09"]
[EventType "swiss"]
[EventRounds "5"]
[EventCountry "CAN"]

1. Nf3 d5 2. g3 Nf6 3. Bg2 c6 4. c4 Nbd7 5. d4 e6 6. O-O Bd6 7. Nbd2 O-O 8. Qc2
Re8 9. e4 Nxe4 10. Nxe4 dxe4 11. Qxe4 e5 12. Bg5 f6 13. Bd2 exd4 14. Qxd4 Bc5
15. Qc3 Ne5 16. Rad1 Bg4 17. b4 Bxb4 18. Qxb4 Nxf3+ 19. Kh1 Re2 20. Bf4 Qe8 21.
h3 Qh5 22. Qxb7 Bxh3 23. Qxa8+ Bc8+ 0-1

[Event "Roger Roy mem."]
[Site "Gatineau CAN"]
[Date "2019.09.10"]
[Round "1"]
[White "Arsenault, Michel"]
[Black "Danilov, Alex"]
[Result "1-0"]
[WhiteElo "1851"]
[BlackElo "1624"]
[PlyCount "41"]
[EventDate "2019.09.10"]
[EventType "swiss"]
[EventRounds "5"]
[EventCountry "CAN"]

1. c4 c5 2. g3 Nc6 3. Bg2 Nf6 4. Nc3 d6 5. e3 e5 6. Nge2 Be6 7. Nd5 Be7 8. O-O
O-O 9. h3 Qc8 10. Kh2 Rb8 11. a4 Re8 12. d3 Bxd5 13. cxd5 Nb4 14. e4 c4 15. d4
Nd3 16. b3 exd4 17. Nxd4 Nxe4 18. Bxe4 Bf6 19. Bxd3 cxd3 20. Qxd3 Qc5 21. Be3 {
Black played on to move 43 mostly to punish himself for for failing to see 19.
Bxd3 when he calculated his"combination"} 1-0

[Event "Roger Roy mem."]
[Site "Gatineau CAN"]
[Date "2019.09.10"]
[Round "1"]
[White "Azar, Sebastien"]
[Black "Rioux, Jocelyn"]
[Result "0-1"]
[WhiteElo "1906"]
[BlackElo "1696"]
[PlyCount "108"]
[EventDate "2019.09.10"]
[EventType "swiss"]
[EventRounds "5"]
[EventCountry "CAN"]

1. e4 e6 2. d4 d5 3. Nd2 Nf6 4. e5 Nfd7 5. f4 c5 6. c3 Nc6 7. Ngf3 cxd4 8. cxd4
Bb4 9. a3 Ba5 10. b4 Bb6 11. Bb2 a6 12. Bd3 O-O 13. Bxh7+ Kxh7 14. Ng5+ Kg6 15.
Qg4 Nf6 16. Qg3 Nh5 17. Qd3+ f5 18. exf6+ Kxf6 19. Nh7+ Ke7 20. Nxf8 Qxf8 21.
g3 Bd7 22. O-O Nxb4 23. Qb3 Nd3 24. Qxb6 Qf5 25. Qxb7 Qh3 26. Nf3 Nxg3 27. Rae1
Nxf4 28. Rf2 Rh8 29. Qb4+ Kf6 30. Ng5 Qg4 31. Rxf4+ Qxf4 32. Qc3 Rxh2 33. Qe3
Qxe3+ 34. Rxe3 Rxb2 35. Rxg3 Rd2 36. Nh7+ Kf7 37. Rb3 Bb5 38. a4 Bxa4 39. Rb7+
Kg6 40. Nf8+ Kf6 41. Nh7+ Kf5 42. Rf7+ Kg6 43. Re7 Kxh7 44. Rxe6 Bb5 45. Re3
Rxd4 46. Re7 Re4 47. Rc7 Bc4 48. Kf2 Kg6 49. Rc6+ Kf5 50. Rc8 g5 51. Rf8+ Ke5
52. Rg8 Rf4+ 53. Ke3 d4+ 54. Kd2 Bxg8 0-1

[Event "Roger Roy mem."]
[Site "Gatineau CAN"]
[Date "2019.09.10"]
[Round "1"]
[White "Fang, Zhou"]
[Black "Jobin, Gilles G"]
[Result "0-1"]
[WhiteElo "1358"]
[BlackElo "1722"]
[PlyCount "112"]
[EventDate "2019.09.10"]
[EventType "swiss"]
[EventRounds "5"]
[EventCountry "CAN"]

1. d4 d6 2. e4 Nf6 3. Nc3 c6 4. Be2 Nbd7 5. f4 e5 6. fxe5 dxe5 7. dxe5 Nxe5 8.
Qxd8+ Kxd8 9. Bf4 Bd6 10. O-O-O Ke7 11. Kb1 Bg4 12. h3 Bxe2 13. Ngxe2 Nfd7 14.
Ng3 g6 15. Rd2 Bb4 16. Nge2 f6 17. a3 Bxc3 18. Nxc3 Nc4 19. Rd4 Nde5 20. Rhd1
Rhd8 21. Rxd8 Rxd8 22. Rxd8 Kxd8 23. a4 Ke7 24. b3 Nd6 25. Kc1 Ke6 26. Kd2 Ndf7
27. Be3 a6 28. a5 Nd6 29. Ne2 Nxe4+ 30. Ke1 Nd7 31. Nf4+ Kd6 32. Ke2 Ne5 33.
Nd3 Ng3+ 34. Kf2 Nxd3+ 35. cxd3 Nf5 36. Bb6 Ke5 37. b4 Nd4 38. g3 h5 39. Bc5
Ne6 40. Bb6 g5 41. Ke3 f5 42. Ba7 f4+ 43. gxf4+ gxf4+ 44. Kf3 Ng5+ 45. Kg2 Kf5
46. h4 Nf7 47. Bb8 Kg4 48. Kf2 Nh6 49. Be5 Nf5 50. Bc3 Nxh4 51. Kg1 Nf3+ 52.
Kg2 h4 53. d4 h3+ 54. Kh1 Ng5 55. Be1 Ne4 56. Kg1 f3 0-1

[Event "Roger Roy mem."]
[Site "Gatineau CAN"]
[Date "2019.09.10"]
[Round "1"]
[White "Latreille, Etienne"]
[Black "Desjardins, Michel"]
[Result "1/2-1/2"]
[WhiteElo "1683"]
[BlackElo "1903"]
[PlyCount "65"]
[EventDate "2019.09.10"]
[EventType "swiss"]
[EventRounds "5"]
[EventCountry "CAN"]

1. d4 d5 2. c4 c6 3. cxd5 cxd5 4. Nc3 Nf6 5. Nf3 Nc6 6. Bf4 a6 7. e3 Bg4 8. Be2
e6 9. O-O Bd6 10. Ne5 Bxe2 11. Nxe2 Bxe5 12. Bxe5 Nxe5 13. dxe5 Nd7 14. Qd4 O-O
15. f4 Rc8 16. Rac1 Qb6 17. Qxb6 Nxb6 18. b3 h5 19. Nd4 g6 20. h3 Rxc1 21. Rxc1
Rc8 22. Rxc8+ Nxc8 23. Kf2 Ne7 24. g4 hxg4 25. hxg4 Kf8 26. Kg3 Nc6 27. Kh4 Nb4
28. a3 Nd3 29. b4 Nb2 30. Kg5 Nc4 31. Nc2 b5 32. Kf6 Nd2 33. Kg5 1/2-1/2

[Event "Roger Roy mem."]
[Site "Gatineau CAN"]
[Date "2019.09.10"]
[Round "1"]
[White "Lemieux, Richard"]
[Black "Bastien, Andre"]
[Result "1-0"]
[WhiteElo "1622"]
[BlackElo "1770"]
[PlyCount "99"]
[EventDate "2019.09.10"]
[EventType "swiss"]
[EventRounds "5"]
[EventCountry "CAN"]

1. e4 c5 2. Nf3 Nc6 3. d4 cxd4 4. Nxd4 Nf6 5. Nc3 d6 6. Bb5 Qc7 7. Nd5 Qd7 8.
Nb4 a6 9. Ndxc6 axb5 10. Nd4 e5 11. Nf3 Nxe4 12. Nd5 Qc6 13. Nb4 Qc5 14. Nd3
Qd5 15. O-O Be7 16. Qe2 Be6 17. a3 O-O 18. Nd2 Nxd2 19. Bxd2 Qc4 20. Bb4 Rac8
21. Bc3 Bg5 22. Rfe1 Bg4 23. f3 Bf5 24. Nb4 Rfe8 25. Rad1 Re6 26. Rd5 Rh6 27.
Rxe5 Re6 28. Qxc4 bxc4 29. Rxf5 Rxe1+ 30. Bxe1 Bf6 31. Nd5 Bd8 32. Rf4 Rc5 33.
Re4 Kf8 34. Ne3 b5 35. Bb4 Rc6 36. Kf1 g6 37. Nd5 Ra6 38. Nc3 Rb6 39. Ba5 Rb8
40. Bxd8 Rxd8 41. Nxb5 Rb8 42. a4 d5 43. Re5 Ra8 44. b3 Rd8 45. Ke2 f6 46. Re6
Kf7 47. Rd6 Re8+ 48. Kd2 Re5 49. a5 Ke7 50. Rb6 1-0

[Event "Roger Roy mem."]
[Site "Gatineau CAN"]
[Date "2019.09.10"]
[Round "1"]
[White "Scantland, Patrick"]
[Black "Bourbonnais, Luc"]
[Result "1-0"]
[WhiteElo "1765"]
[BlackElo "1428"]
[PlyCount "61"]
[EventDate "2019.09.10"]
[EventType "swiss"]
[EventRounds "5"]
[EventCountry "CAN"]

1. d4 Nf6 2. c4 g6 3. Nc3 Bg7 4. e4 d6 5. Nf3 O-O 6. Be2 Re8 7. O-O e5 8. d5 a5
9. h3 Nbd7 10. Be3 Nc5 11. Nd2 Nfd7 12. a3 a4 13. b4 axb3 14. Nxb3 Nxb3 15.
Qxb3 Nc5 16. Bxc5 dxc5 17. a4 b6 18. Rfd1 Qg5 19. Nb5 Re7 20. Rd3 f5 21. Rg3
Qf6 22. Rd1 Bb7 23. exf5 gxf5 24. d6 cxd6 25. Rxd6 Re6 26. Rxe6 Qxe6 27. Nc7
Qc6 28. Nxa8 Bxa8 29. Qd1 Kh8 30. Qd8+ Bf8 31. Qxf8# 1-0